ბათუმის შოთა რუსთაველის სახელმწიფო უნივერსიტეტის ბიბლიოთეკა

Вопросы древней и средневековой археологии Восточной Европы / (ბიბ.ჩანაწერი № 61127)

000 -LEADER
fixed length control field 01022nam a22001937a 4500
005 - DATE AND TIME OF LATEST TRANSACTION
control field 20231221120914.0
008 - FIXED-LENGTH DATA ELEMENTS--GENERAL INFORMATION
fixed length control field 231221s1978 ru ||||| |||| 00| 0 rus d
041 ## - LANGUAGE CODE
Language code of text/sound track or separate title rus
080 ## - UNIVERSAL DECIMAL CLASSIFICATION NUMBER
Universal Decimal Classification number 902/904(4-11) B-74
245 ## - TITLE STATEMENT
Title Вопросы древней и средневековой археологии Восточной Европы /
Statement of responsibility, etc. Отв.ред. В.И. Козенкова, Ю.А. Краснов, И.Г. Розенфельдт.
264 ## - PRODUCTION, PUBLICATION, DISTRIBUTION, MANUFACTURE, AND COPYRIGHT NOTICE
Place of production, publication, distribution, manufacture М.:
Name of producer, publisher, distributor, manufacturer Наука,
Date of production, publication, distribution, manufacture, or copyright notice 1978.
300 ## - PHYSICAL DESCRIPTION
Extent 259 с.:
Other physical details ил.;
Dimensions 22 см.
653 ## - INDEX TERM--UNCONTROLLED
keyword ძველი და შუა საუკუნეების არქეოლოგიის კითხვები აღმოსავლეთ ევროპის
653 ## - INDEX TERM--UNCONTROLLED
keyword არქეოლოგია
700 ## - ADDED ENTRY--PERSONAL NAME
Personal name Козенкова, В.И.
Relator term რედაქტორი
9 (RLIN) 20833
700 ## - ADDED ENTRY--PERSONAL NAME
Personal name Краснов, Ю.А.
Relator term რედაქტორი
9 (RLIN) 20834
700 ## - ADDED ENTRY--PERSONAL NAME
Personal name Розенфельдт, И.Г.
Relator term რედაქტორი
9 (RLIN) 20835
942 ## - ADDED ENTRY ELEMENTS (KOHA)
Source of classification or shelving scheme
Koha item type წიგნი
ეგზემპლარები
Withdrawn status Lost status Source of classification or shelving scheme Damaged status Not for loan Permanent Location Current Location Shelving location Date acquired Cost, normal purchase price Full call number Barcode Date last seen Copy number Uniform Resource Identifier Price effective from Koha item type Public note
          ბათუმის შოთა რუსთაველის სახელმწიფო უნივერსიტეტის მთავარი ბიბლიოთეკა ბათუმის შოთა რუსთაველის სახელმწიფო უნივერსიტეტის მთავარი ბიბლიოთეკა წიგნსაცავი 2023-12-21 7.00 902/904(4-11) B-74 65633 2023-12-21 65633 ბსუ-ს საპატიო დოქტორის გურამ ლორთქიფანიძის საჩუქარი 2023-12-21 წიგნი 7 ლ.